Les Meilleurs buteurs de la Liga 2021-2022 - Statistiques

Statistiques générales
  • Ce quiz a été pris 35 fois
  • Le résultat moyen est 6 sur 10
Statistiques - réponses
Buts Nationalité Club Joueur % Correct
27 France Real Madrid Karim Benzema
100%
17 Brésil Real Madrid Vinícius Júnior
91%
18 Espagne Celta de Vigo Iago Aspas
83%
12 Pays-Bas FC Barcelone Memphis Depay
74%
12 Argentine Atlético Madrid Ángel Correa
69%
14 Espagne Deportivo Alavés Joselu
54%
16 Turquie Getafe CF Enes Ünal
34%
17 Espagne Espanyol de Barcelone Raúl de Tomás
31%
13 Espagne Levante UD José Luis Morales
20%
16 Espagne Real Betis Juanmi
6%
Aucun quiz correspondant
Distribution des résultats
% des personnes avec chaque résultat
Percentile par nombre de réponses
Votre historique - résultats
Vous n’avez pas pris ce quiz